مكتبة جامعة عجلون الوطنية

فهرس بحث المكتبة

أثر استخدام تقنيات المعلومات في الحد من عدم تماثل المعلومات المحاسبية في الشركات الصناعية المدرجة في بورصة عمان = The Impact of use Information Technologies in Reducing the Asymmetry of Accounting Information in Industrial Companies Listed on Amman Stock Exchange / (Record no. 33437)

MARC details
000 -LEADER
fixed length control field 01212nam a22001937a 4500
003 - CONTROL NUMBER IDENTIFIER
control field JO-AjAnu
005 - DATE AND TIME OF LATEST TRANSACTION
control field 20240605121944.0
008 - FIXED-LENGTH DATA ELEMENTS--GENERAL INFORMATION
fixed length control field 240406b jo ||||| |||| 00| 0 ara d
040 ## - CATALOGING SOURCE
Original cataloging agency JO-AjAnu
Language of cataloging ara
Transcribing agency JO-AjAnu
041 ## - LANGUAGE CODE
Language code of text/sound track or separate title ara
100 #1 - MAIN ENTRY--PERSONAL NAME
Personal name القاضي، داليه عبدالفتاح محمود
Relator term معد
9 (RLIN) 65325
245 10 - TITLE STATEMENT
Title أثر استخدام تقنيات المعلومات في الحد من عدم تماثل المعلومات المحاسبية في الشركات الصناعية المدرجة في بورصة عمان = The Impact of use Information Technologies in Reducing the Asymmetry of Accounting Information in Industrial Companies Listed on Amman Stock Exchange /
Statement of responsibility, etc. اعداد دالية عبدالفتاح محمود القاضي ؛ اشراف ليث عبدالله العريان
260 ## - PUBLICATION, DISTRIBUTION, ETC.
Date of publication, distribution, etc. 2023
300 ## - PHYSICAL DESCRIPTION
Extent 91 ورقة
500 ## - GENERAL NOTE
General note رسالة جامعية ( رسالة ماجستير في المحاسبة) - جامعة عجلون الوطنية ( عجلون، الاردن)، كلية الاعمال، 2023.
650 70 - SUBJECT ADDED ENTRY--TOPICAL TERM
Topical term or geographic name entry element الشركات الصناعية - محاسبة
9 (RLIN) 65326
700 #1 - ADDED ENTRY--PERSONAL NAME
Personal name العريان، ليث عبدالله
9 (RLIN) 65104
Relator term مشرف
942 ## - ADDED ENTRY ELEMENTS (KOHA)
Source of classification or shelving scheme Library of Congress Classification
Koha item type Thesis
Suppress in OPAC No
Holdings
Withdrawn status Lost status Source of classification or shelving scheme Damaged status Not for loan Home library Current library Date acquired Total Checkouts Full call number Barcode Date last seen Price effective from Koha item type
    Library of Congress Classification     مكتبة جامعة عجلون الوطنية مكتبة جامعة عجلون الوطنية 06/04/2024   HF5667 2023 a29574 06/04/2024 06/04/2024 Thesis
    Library of Congress Classification     مكتبة جامعة عجلون الوطنية مكتبة جامعة عجلون الوطنية 06/04/2024   HF5667 2023 a29575 06/04/2024 06/04/2024 Thesis